| 000 | 00509nam a2200181 a 4500 | ||
|---|---|---|---|
| 005 | 20140414132105.0 | ||
| 008 | 100823s19uu xx 00 eng d | ||
| 050 |
_aDVD _bG33 |
||
| 245 | _aGetting to know Clifford. | ||
| 260 |
_aNew York : _bScholastic, _c2002. |
||
| 440 | _aClifford | ||
| 520 | _a1. Special delivery. 2. Ferry Tale. 3. LIttle Clifford 4. Welcome to Birdwell | ||
| 650 | _aTruthful | ||
| 650 | _aBelieving in yourself | ||
| 650 | _aKindness | ||
| 650 | _aRespectful | ||
| 999 |
_c114587 _d114587 |
||